LDR 00558naa#a2200157#i#450# 001 EN\FGKOU VO SPBU MVD ROSSII\bibl\122349 005 20260429032416.3 011 ## _a2713-0622 100 ## _a20260428b2026####ek#y0engy0150####ca 102 ## _aRU 200 1# _aBeyond the Norm: Humanization, Risks, and New Meanings _eJournal article 210 1# _aSt. Petersburg _cSAINT-PETERSBURG UNIVERSITY OF THE MINISTRY OF INTERNAL AFFAIRS OF THE RUSSIAN FEDERATION _d2026 215 ## _a3 с. 608 ## _aJournal article _2local 700 #1 _aRean _gArtur Aleksandrovich 856 4# _avestnikspbmvd.ru _u